[Event "St Petersburg op"]
[Site "St Petersburg"]
[Date "1995.??.??"]
[Round "2"]
[White "Yakovich, Yuri"]
[Black "Yemelin, Vasily"]
[Result "1/2-1/2"]
[WhiteElo "2555"]
[BlackElo "2515"]
[Annotator "Yakovich,Y"]
[PlyCount "58"]
[EventDate "1995.05.??"]
[EventType "swiss"]
[EventRounds "9"]
[EventCountry "RUS"]
[SourceTitle "CBM 046 Extra"]
[Source "ChessBase"]
[SourceDate "1995.07.01"]
[SourceVersion "1"]
[SourceVersionDate "1995.07.01"]
[SourceQuality "1"]

1. e4 e5 2. Nf3 Nc6 3. d4 exd4 4. Nxd4 Nf6 5. Nxc6 bxc6 6. e5 Qe7 7. Qe2 Nd5 8.
c4 Ba6 9. b3 Qh4 10. a3 Bc5 11. Qf3 $5 {N/} Ne7 12. b4 $2 Qd4 13. Ra2 Bxc4 $1 (
13... Qxe5+ 14. Re2 Qa1 15. bxc5 $1 (15. Qe4 d5 16. Qc2 Bd4 $1) 15... Qxb1 16.
Qc3 Rb8 (16... Qg6 17. Be3) 17. Rxe7+ $1 Kxe7 18. Bd3 Qb3 19. Qxg7 Qxd3 20.
Bg5+ $18) 14. Rd2 Qxe5+ 15. Kd1 Bd5 (15... Bxf1 16. Rxf1 Bd6 17. Re1) 16. Rxd5
Nxd5 17. bxc5 O-O 18. Bd3 f5 $1 19. Bc4 Kh8 (19... Qd4+ 20. Qd3 Qxc5 21. Be3
Qd6 22. Nc3 $16) 20. Bxd5 cxd5 21. Qd3 Rab8 22. Re1 $6 (22. Nc3 d4 23. Ne2 Qxc5
24. Qxd4 Qxd4+ $15) 22... Qxh2 23. Nc3 Qxg2 24. Qxd5 Qxf2 (24... Qxd5+ $17) 25.
Re2 Qf1+ 26. Kc2 f4 27. Re7 f3 $2 (27... Qg1 28. Bb2 f3 29. Nb5 Qg6+ 30. Kd2
Rg8 $17) 28. Rxg7 Qf2+ (28... Kxg7 29. Qg5+ Kf7 30. Qh5+ $10) (28... Qxc1+ 29.
Kxc1 f2 30. Rxh7+ Kxh7 31. Qh1+ Kg7 32. Qg2+) 29. Kd3 Qf1+ 1/2-1/2

[Event "London Classic 9th"]
[Site "London"]
[Date "2017.12.08"]
[Round "6"]
[White "Nakamura, Hikaru"]
[Black "Carlsen, Magnus"]
[Result "1/2-1/2"]
[WhiteElo "2781"]
[BlackElo "2837"]
[Annotator "Yermolinsky,A"]
[PlyCount "145"]
[EventDate "2017.12.01"]
[EventType "tourn"]
[EventRounds "9"]
[EventCountry "ENG"]
[EventCategory "22"]
[SourceTitle "CBM 182"]
[Source "ChessBase"]
[SourceDate "2018.01.17"]
[SourceVersion "1"]
[SourceVersionDate "2018.01.17"]
[SourceQuality "1"]

1. e4 e5 2. Nf3 Nc6 3. d4 exd4 4. Nxd4 Nf6 5. Nxc6 bxc6 6. e5 Qe7 7. Qe2 Nd5 8.
h4 Bb7 9. c4 Nb6 10. Rh3 Qe6 11. f4 O-O-O 12. a4 d5 13. a5 Nxc4 14. b3 Bb4+ 15.
Kf2 Nxa5 16. Bd2 c5 17. Rxa5 Bxa5 18. Bxa5 Qf5 19. Nc3 Qxf4+ 20. Kg1 Rhe8 21.
Nb5 a6 22. Rf3 Qxe5 23. Qxe5 Rxe5 24. Bxc7 Ree8 25. Bxd8 Rxd8 26. Na3 Rd7 27.
Bd3 Kd8 28. Bxh7 g6 29. h5 gxh5 30. Rf6 Ke7 31. Rb6 Rc7 32. Nc2 a5 33. Ne3 c4
34. Bc2 Bc6 35. bxc4 dxc4 36. Ra6 a4 37. Bxa4 Be4 38. Ra5 Ke6 39. Rxh5 c3 40.
Bb3+ Kd6 41. Bc2 Bxc2 42. Nxc2 Ke6 43. Kf2 f5 44. Rh3 {Hikaru's choice shows
his desire to stabilise the situation.} ({He had a direct plan of bringing his
king up, but there were many tactics to calculate.} 44. Ke3 $1 {is a very
human move, in reply to which} Kf6 {is the toughest defence.} (44... Rc8 45.
Nd4+ Kd7 46. Rh7+ Kd6 47. Kd3 $1 f4 (47... Rg8 48. Nxf5+ Ke5 49. Ne3) 48. Rh6+
$1 Ke5 49. Re6+ Kd5 {and finally,} 50. Rg6 $1 {puts Black in zugzwang.} Ke5 (
50... Rc7 51. Rg5+ Kd6 52. Nb5+) 51. Nc6+ Kf5 52. Ne7+) 45. Kd4 Rc8 $1 (45...
Rg7 {gets turned away by} 46. Ne3 f4 47. Nd5+ Kf7 48. Nxf4 $18) (45... f4 $5 {
is a try, but the black king can never support the pawn, so White should be
able to navigate his way to a win after} 46. Ke4 Rc4+ (46... Rg7 47. Rf5+ Ke6
48. Nd4+ Ke7 49. Kf3 Rg3+ 50. Kf2 Rd3 51. Ne2 $18) 47. Kf3 Kg6 48. Rh4 $1 Kg5
49. g3 $18) 46. Rh6+ (46. Rh3 Rg8 47. Ne1 c2 48. Rc3 Re8 49. Nxc2 Re2 $11)
46... Kg5 47. Rh3 {the c3-pawn drops, and it has to be all over now, right?} f4
{Well, not quite.} (47... Kg4 48. Ne3+ Kg5 49. Rg3+ Kh5 50. Nc2 {is an
important step forward, as the black king is now cut off on the h-file.}) 48.
Rxc3 {We're making progress now, but there's still a lot of work to be done.}
Rd8+ 49. Ke4 Kg4 50. Nd4 (50. Rf3 Rh8 $3 {is surprisingly a draw.}) 50... Re8+
51. Kd5 Rd8+ 52. Ke5 Ra8 {I must admit I don't see a forced win here.
Nevertheless, I would have gone for this position, hoping to find a solution
over the board.}) ({There was also a rather mechanical plan of rounding up the
c-pawn:} 44. Rh1 Ke5 45. Rc1 f4 $1 (45... Ke4 46. Na3 $1 Rc5 47. Nb1 c2 48. Na3
{aiming for a pawn ending:} Kd3 (48... Rc3 49. Nxc2 Kf4 {would have been nice
for Black if it wasn't for knight forks:} 50. Ne1 $18) 49. Rxc2 Rxc2+ 50. Nxc2
Kxc2 51. Ke3 $18) 46. Na3 Rc5 47. Nb1 c2 {Look out!} 48. Nd2 {is the only way
to win.} ({Not} 48. Na3 {because Black has the amazing resource} f3 $3 49. gxf3
Rc3 50. Nxc2 Kf6 {staying away from the forks and keeping White tied up.})
48... Rc8 49. Nf3+ Ke4 50. Ne1 $18 {Remember this position, it represents
White's ultimate goal in this entire endgame.}) 44... Ke5 45. Rd3 Kf4 46. Rd4+
Kg5 47. Kf3 Rc8 48. Ra4 Rc7 49. Ra8 Kf6 50. Ra6+ Kg5 {Carlsen's defensive plan
is taking shape. He avoids playing his pawn to f4, while keeping his king
ready for a counter-attack should White attempt to move his king to the Q-side.
Hikaru has to regroup.} 51. Nd4 $3 Rc4 $1 ({Magnus avoids a devilish trap:} 
51... c2 $2 {loses to a mating attack!} 52. Ne6+ Kh4 (52... Kh5 53. Nf4+ Kg5
54. Rg6+ Kh4 55. g3#) 53. g3+ Kh3 54. Nf4+ Kh2 55. Rh6+ Kg1 56. Ne2+ Kf1 57.
Rh1# {The knight, as an extra piece, still has its limitations when it comes
to playing on both sides of the board. It's strength, however, is in tactical
motifs.}) 52. Ne6+ ({A good chance to get on the winning track was} 52. Ne2 $1
c2 53. Ra1 Kf6 54. Rc1 Kg5 55. Kf2 Kg4 {and now the final knight transfer:} 56.
Ng1 Kf4 57. Nf3 Rc8 58. Ne1 $18) 52... Kf6 53. Nf4+ Ke5 54. Nd3+ Kd5 55. Ra2 (
55. Ra5+ Kd4 56. Nf4 {was an idea, as} c2 57. Ne2+ Kd3 58. Rd5+ {ends in mate.
This and similar lines illustrate the difficulty of playing such endgames. One
has to calculate variations all the time!}) 55... Kd4 56. Nc1 c2 57. Ra5 Rc3+
58. Kf4 Rc8 59. Rxf5 $2 {A tragic miss.} (59. Ra3 Rc5 60. Rd3+ Kc4 61. Re3 Rc7
62. Kxf5 {would have clinched it for Nakamura.}) 59... Re8 60. Rf7 (60. Ra5 Re1
61. Ra1 Rd1 62. g4 Kc3 63. g5 Kb2 $11) 60... Re1 {Black will attack the knight,
which cannot leave the c-pawn unattended.} 61. Rd7+ Kc3 62. Rc7+ Kd2 63. Nb3+
Kd3 64. Nc5+ Kd4 65. Nb3+ Kd3 66. Nc5+ Kd4 67. Nb3+ Kd3 68. g4 Rf1+ 69. Kg5 Rb1
70. Nc5+ Ke3 71. Nb3 Kd3 72. Nc5+ Ke3 73. Nb3 1/2-1/2

[Event "Moscow FIDE GP"]
[Site "Moscow"]
[Date "2017.05.19"]
[Round "7"]
[White "Harikrishna, Pentala"]
[Black "Tomashevsky, Evgeny"]
[Result "1/2-1/2"]
[WhiteElo "2750"]
[BlackElo "2696"]
[Annotator "Yermolinsky,A"]
[PlyCount "119"]
[EventDate "2017.05.12"]
[EventType "swiss"]
[EventRounds "9"]
[EventCountry "RUS"]
[SourceTitle "CBM 179"]
[Source "ChessBase"]
[SourceDate "2017.07.12"]
[SourceVersion "1"]
[SourceVersionDate "2017.07.12"]
[SourceQuality "1"]

1. e4 e5 2. Nf3 Nc6 3. d4 exd4 4. Nxd4 Nf6 5. Nxc6 bxc6 6. e5 Qe7 7. Qe2 Nd5 8.
c4 {A fascinating line, introduced to modern chess by Garry Kasparov. Both
sides are struggling with the awkward positions of their queens which cause
some development issues.} Ba6 9. Nd2 g6 10. b3 {Theory doesn't look kindly on
this move. I suppose Pentala wanted to surprise his opponent.} ({On} 10. Nf3 {
Black has a choice of acceptable continuations.} Qb4+ (10... Nb6 11. b3 Bg7 12.
Bg5 Qa3 {Wei Yi-Ganguly, 2017}) (10... Bg7 11. Bg5 f6 12. exf6 Qxe2+ 13. Bxe2
Nxf6 14. O-O-O O-O-O {Caruana-Kramnik, 2012; Giri-Dominguez, 2016}) 11. Kd1 Rb8
12. Qc2 Ne7 13. b3 (13. Qb3 c5 $1) 13... Bg7 14. Bb2 O-O 15. Bd3 d5 {
Duda-Baramidze, 2014}) 10... Bg7 11. Nf3 (11. Bb2 Nb4 $1 12. Nf3 c5 {solves
the problem with the knight that plagues Black in this opening.}) 11... O-O 12.
Qb2 {This isn't a novelty, but it had never been tried on GM level.} ({The
careless} 12. Bg5 {would land White in trouble:} f6 13. exf6 Qc5 $1 14. O-O-O
Rxf6 $3 {with a raging attack on the dark squares near the white king.}) ({
While} 12. Bb2 {proves totally ineffective after} f6 $1) 12... Nb6 13. Qa3 {
A new idea.} Qxa3 14. Bxa3 Rfe8 15. O-O-O Bxe5 16. Nxe5 Rxe5 17. Bb2 {This is
what White has been playing for. At the cost of a pawn he has obtained the
bishop pair, while leaving Black's minor pieces stuck on the queenside.
Kasparov used similar ideas, but he would keep his king out of the action
rather safely tucked in on the kingside.} Re7 18. h4 d5 $1 {Evgeny's timely
counterattack in the centre exposes the weakness of White's position.
Essentially White is fighting for equality here.} 19. h5 dxc4 20. Rh4 Rae8 21.
hxg6 fxg6 22. bxc4 {I bet Pentala didn't want to play this move, but he hardly
had any choice.} ({On} 22. a4 {Black begins to make threats with} Re1 $1 {
forcing} 23. Bc3 (23. a5 c3 $1) 23... Rxd1+ 24. Kxd1 Re6 $15) 22... c5 23. Bd3
Rd7 24. Kc2 ({A more practical solution would be to trade down into an
opposite-coloured bishops ending,} 24. Ba3 Rd4 25. Rxd4 cxd4 26. Bc5 Bxc4 27.
Bxb6 Bxd3 28. Bxa7 Be4 29. f3 Bd5 30. Rxd4 Bxa2 31. Rd7 {White cannot possibly
lose.}) 24... Bb7 25. Rg4 {Hari must have had dreams of mating Black. White is
just a bit short of firepower to do that.} ({Once again,} 25. Ba3 Bxg2 26. Bxc5
Bf3 27. Rd2 Red8 28. Be3 {and White shouldn't lose.}) 25... Bc6 {Tomashevsky
just being Tomashevsky: solid positional play backed up by accurate
calculation of all possible tactics White might initiate.} 26. Rh1 Red8 27. Rh3
({Both players must have looked at} 27. Bf5 Rd2+ 28. Kc1 Bd7 $1 {and concluded
Black comes out on top after} 29. Rxg6+ hxg6 30. Rh8+ Kf7 31. Rxd8 Rxb2 $1)
27... Ba4+ 28. Kd2 Rd6 29. Rf4 (29. Be5 Bd7 30. Bxd6 cxd6 {and Black will stay
a pawn ahead.}) 29... Bd7 30. g4 h5 $6 {This just isn't good enough.} ({
Black had} 30... g5 $1 {and no, Bxh7 isn't mate! In fact, it leaves White with}
31. Re4 Bc6 32. Re1 Bg2 $1 ({White might survive} 32... Nxc4+ 33. Kc3 Rxd3+ 34.
Rxd3 Rxd3+ 35. Kxc4 Rd2 36. Bc3 Rxf2 37. Re5 h6 38. Re6) 33. Rg3 Nxc4+ 34. Kc3
Nxb2 35. Kxb2 Rxd3 36. Rxg2 Rd2+ 37. Kb3 R8d3+ 38. Kc4 Rf3 39. Re5 h6 {with a
technical win for Black.}) 31. Bf6 Bxg4 $2 {Total bailout. Pieces will quickly
disappear from the board leaving Black only with marginal winning chances.} ({
Black would keep his advantage in} 31... Re8 32. Re3 Rxe3 33. Kxe3 Bxg4 34. Be7
Re6+ 35. Re4 {but with the bishop pair still there White is alive and kicking.}
) ({The best way was} 31... Rf8 32. Rhf3 Bxg4 33. Be7 Rxf4 34. Rxf4 Rd7 35.
Bxc5 Bf5 36. Rd4 Rxd4 37. Bxd4 Bxd3 38. Kxd3 Kf7 39. Ke4 Ke6 {with real
winning chances.}) 32. Rxg4 Rxd3+ 33. Rxd3 Rxd3+ 34. Kxd3 hxg4 35. Be5 c6 36.
Bb8 a6 37. Bc7 Nd7 38. Ke4 Kf7 39. Kf4 Kf6 40. a4 Ke6 41. Kxg4 Ne5+ 42. Kg5 Nd3
$6 {Strange choice.} ({Like it or not, Tomashevsky had to try} 42... Nxc4 43.
Kxg6 Ne5+ 44. Kg5 Kd5 $1 {although Black most likely won't succeed after} 45.
f4 (45. Kf4 Nd7 $1 46. Ke3 Kc4 47. f4 Kb3 $19) 45... Nf3+ 46. Kg4 Ke4 47. f5
Ne5+ 48. Kg5 c4 49. Ba5 {etc.}) 43. f4 Kf7 44. Bb6 Ke6 45. Ba7 Kf7 46. f5 gxf5
47. Kxf5 {Now it's drawn.} Nb2 48. Bxc5 Nxc4 49. Ke4 Ke6 50. Kd4 Nd6 51. Bb4
Nb7 52. Ba3 Kd7 53. Kc4 Kc7 54. Bb4 Kb6 55. Be7 Kc7 56. Bb4 Kb6 57. Be7 Ka5 58.
Kb3 c5 59. Kc4 Kxa4 60. Bxc5 1/2-1/2

[Event "SWE-ch"]
[Site "Linkoping"]
[Date "2001.07.04"]
[Round "4"]
[White "Berg, Emanuel"]
[Black "Barkhagen, Jonas"]
[Result "1/2-1/2"]
[WhiteElo "2481"]
[BlackElo "2468"]
[Annotator "Ziegler,A"]
[PlyCount "128"]
[EventDate "2001.06.30"]
[EventType "tourn"]
[EventRounds "13"]
[EventCountry "SWE"]
[EventCategory "8"]
[SourceTitle "CBM 085"]
[Source "ChessBase"]
[SourceDate "2001.11.13"]
[SourceVersion "1"]
[SourceVersionDate "2001.11.13"]
[SourceQuality "1"]

1. e4 e5 2. Nf3 Nc6 3. d4 {Mycket Skotskt blir det.} exd4 4. Nxd4 Nf6 5. Nxc6
bxc6 6. e5 Qe7 7. Qe2 Nd5 8. c4 Nb6 9. Nd2 Bb7 10. b3 g6 11. Ne4 {Kanske är
det här en välförberedd nyhet?} (11. Bb2 {Spelade Rublevskij mot Adams i
Frankfurt förra året.}) 11... O-O-O 12. Bg5 Qxe5 13. Bf6 Qa5+ 14. Kd1 Bh6 {
Jonas har ingen lust att bli passiv med ...Tg8. Istället satsar han på kungen.}
15. Bxh8 Rxh8 16. Qb2 Re8 17. Bd3 f5 18. Nd2 {Svart har tre pjäser som jobbar
hårt och bra, men hur skall han få med de två andra?} Qc5 (18... d5 {Är ett
lovvärt försök.} 19. b4 Qa4+ 20. Qb3 c5 $1 21. bxc5 dxc4 22. Nxc4 Nxc4 23. Bxc4
Qa5 {Och svart behåller det dynamiska övertaget.}) 19. Re1 Rxe1+ 20. Kxe1 Qe7+
21. Be2 Bg7 22. Qc1 c5 23. g3 Bxa1 24. Qxa1 {Jonas har spelat starkt och
kommer ur det hela med merbonde.} Qf8 25. Qe5 d6 26. Qe6+ Kd8 27. Kf1 Bc8 {
Svart håller på att omgruppera pjäserna tll bättre fält.} 28. Qe3 Qe7 29. Qh6
Bb7 30. Bf3 Kc8 31. Bxb7+ Kxb7 32. h4 Nd7 33. h5 Ne5 {Nu börjar det likna
merbonde.} 34. Qe3 Qd7 35. Kg2 Qc6+ 36. f3 Qa6 37. a4 Qa5 38. h6 {Ett smart
drag. Vit har inte så mycket att förlora så han ger svart något att oroa sig
för.} Qb4 39. Kh3 Ka6 (39... Nc6 40. f4 Nd4 {Tycker jag om.}) 40. Nb1 {Nu
börjar svart om från början. Planen är att ta e-linjen med damen.} Qb7 41. Nd2
Qc8 42. Kg2 Qd7 43. Qc3 Qe8 44. Qe3 Kb7 45. Nf1 Qd8 {Ett bra drag som
förhidrar Se3 (Dg5).} 46. Qd2 Nc6 47. Qd5 Qe7 {[#]} 48. Kh3 $2 (48. b4 $5 Qe5
49. bxc5 dxc5 50. Qxe5 Nxe5 {Ser dock farligt ut.}) (48. Qd2) 48... a5 $2 (
48... Qe2 49. Nh2 {Springaren är kungens bäste vän.} Qe3 {Svart vinner bonde
och parti.} 50. f4 Qxb3 51. Qg8 Nd4 52. Qxh7 Ne2 53. Nf1 Qf3) 49. Qg8 Nd4 50.
Nh2 Ne6 51. Kg2 Ng5 $6 (51... f4 $1 52. Ng4 (52. g4 Nd4 {Vinner för svart.})
52... fxg3 53. Kxg3 Nd4 54. Qd5+ Ka7) 52. Qd5+ c6 (52... Kb6 53. Qa8 {Och vit
hotar remischack.}) 53. Qg8 Qe2+ 54. Kh1 Qe1+ 55. Kg2 Qd2+ 56. Kh1 Qc1+ 57. Kg2
Qb2+ 58. Kh1 Qa1+ 59. Kg2 Qb2+ 60. Kh1 Qc1+ 61. Kg2 Qc2+ 62. Kh1 Qxb3 63. Qg7+
Ka6 64. Qf8 Qd1+ 1/2-1/2